Геохимия газогидротермальных источников вулканов Эбеко и Мутновский: автореферат диссертации на соискание ученой степени кандидата геолого-минералогических наук; спец. 25.00.09

Dades bibliogràfiques
Autor principal: Абросимова Н. А. Наталья Александровна
Autor corporatiu: Российская академия наук (РАН) Сибирское отделение (СО) Институт нефтегазовой геологии и геофизики им. А. А. Трофимука (ИНГГ)
Altres autors: Бортникова С. Б. Светлана Борисовна (научный руководитель)
Sumari:Защита сост. 22.04.2013 г.
Idioma:rus
Publicat: Томск, 2013
Matèries:
Format: MixedMaterials Llibre
KOHA link:https://koha.lib.tpu.ru/cgi-bin/koha/opac-detail.pl?biblionumber=236598

MARC

LEADER 00000nam0a2200000 4500
001 236598
005 20231101231501.0
035 |a (RuTPU)RU\TPU\book\257764 
090 |a 236598 
100 |a 20130425d2013 k y0rusy50 ca 
101 0 |a rus 
102 |a RU 
105 |a a dm 001zy 
200 1 |a Геохимия газогидротермальных источников вулканов Эбеко и Мутновский  |e автореферат диссертации на соискание ученой степени кандидата геолого-минералогических наук  |e спец. 25.00.09  |f Н. А. Абросимова  |g Российская академия наук (РАН), Сибирское отделение (СО), Институт нефтегазовой геологии и геофизики им. А. А. Трофимука (ИНГГ) ; науч. рук. С. Б. Бортникова 
210 |a Томск  |d 2013 
215 |a 19 с.  |c ил. 
300 |a Защита сост. 22.04.2013 г. 
320 |a Библиогр.: с. 18-19 (8 назв.). 
452 1 |0 (RuTPU)RU\TPU\book\255387  |t Геохимия газогидротермальных источников вулканов Эбеко и Мутновский  |o автореферат диссертации на соискание ученой степени кандидата геолого-минералогических наук  |o спец. 25.00.09  |f Н. А. Абросимова  |g Российская академия наук (РАН), Сибирское отделение (СО), Институт нефтегазовой геологии и геофизики им. А. А. Трофимука (ИНГГ) ; науч. рук. С. Б. Бортникова  |c Томск  |d 2013  |a Абросимова, Наталья Александровна 
606 1 |a Газогидротермальные источники  |2 stltpush  |3 (RuTPU)RU\TPU\subj\72509  |9 85986 
610 1 |a вулканы 
610 1 |a Курило-Камчатская дуга 
610 1 |a гидротермальные источники 
610 1 |a состав 
610 1 |a химические элементы 
610 1 |a перенос 
610 1 |a гидротермальные растворы 
610 1 |a изверженные породы 
610 1 |a взаимодействие 
610 1 |a авторефераты диссертаций 
675 |a 551.23(04)  |v 3 
686 |a 25.00.09  |2 oksvnk 
700 1 |a Абросимова  |b Н. А.  |g Наталья Александровна 
702 1 |a Бортникова  |b С. Б.  |g Светлана Борисовна  |4 727 
712 0 2 |a Российская академия наук (РАН)  |b Сибирское отделение (СО)  |b Институт нефтегазовой геологии и геофизики им. А. А. Трофимука (ИНГГ)  |c (Новосибирск)  |c (2005- )  |2 stltpush  |3 (RuTPU)RU\TPU\col\11894 
801 1 |a RU  |b 63413507  |c 20130425 
801 2 |a RU  |b 63413507  |c 20130605  |g RCR 
942 |c BK